Adaptability of prospective mother trees of Hevea to the cold climate of Sub-Himalayan West Bengal and Assam (Record no. 53780)
[ view plain ]
| 000 -LEADER | |
|---|---|
| fixed length control field | 02149nam a2200217Ia 4500 |
| 100 ## - MAIN ENTRY--AUTHOR NAME | |
| Personal name | Das Gitali |
| 245 #0 - TITLE STATEMENT | |
| Title | Adaptability of prospective mother trees of Hevea to the cold climate of Sub-Himalayan West Bengal and Assam |
| 260 ## - PUBLICATION, DISTRIBUTION, ETC. (IMPRINT) | |
| Name of publisher | Journal of Plantation Crops |
| Year of publication | 2013 |
| 300 ## - PHYSICAL DESCRIPTION | |
| Number of Pages | 163-171 |
| 520 ## - SUMMARY, ETC. | |
| Summary, etc | Ortet selection in rubber from polycross mother trees grown in stress prone areas is one of the mandate for developing new generation rubber clones for the non-traditional regions. Aiming this, experiments were laid out at two Regional Research Stations of Sub-Himalayan range of North Eastern India, viz.Nagrakata in Jalpaiguri district of West Bengal and Sarutari in Kamrup district of Assam. The weather of both the stations was different from each otheres pecially on the basis of temperature (T max and T min) and total annual rainfall. Effect of such variations in weather condition had reflected on growth and yield performance of the seedlings. The collective mean yield of trees showing yield above the average block yield every years over eleven years(category I) was much lower at Nagrakata (44.84 g tree-1 tap-1) than Sarutari(53.29 g tree-1 tap-1) but it was opposite in category II where the trees showed above average yield for ten years over eleven years. In view of the yield performance at Nagrakata, the mother tree NGK 203 was the top ranker(69.79 g tree-1 tap-1) followed by NGK 47(55.40 g tree-1tap-1) with low CV(37.11;and 35.33;respectively) and appreciable winter yield contribution(53.92;and 52.17;respectively); at Sarutari, it was GWH245(86.74 g tree-1 tap-1) followed by GWH286(81.14 g tree-1 tap-1) with CV of 55.01 per cent and 40.35 per cent, respectively and winter yield contribution of 48.33 per cent and 43.61 per cent, respectively. Study on adaptation of potential mother trees to two different weather conditiions was compared. |
| 650 ## - SUBJECT ADDED ENTRY--TOPICAL TERM | |
| Topical Term | Adaption |
| 650 ## - SUBJECT ADDED ENTRY--TOPICAL TERM | |
| Topical Term | Cold |
| 650 ## - SUBJECT ADDED ENTRY--TOPICAL TERM | |
| Topical Term | Growth |
| 650 ## - SUBJECT ADDED ENTRY--TOPICAL TERM | |
| Topical Term | Mother ortet |
| 650 ## - SUBJECT ADDED ENTRY--TOPICAL TERM | |
| Topical Term | Rubber yield |
| 650 ## - SUBJECT ADDED ENTRY--TOPICAL TERM | |
| Topical Term | Seeding |
| 700 ## - ADDED ENTRY--PERSONAL NAME | |
| Personal name | Choudhuri Dhurjati |
| 700 ## - ADDED ENTRY--PERSONAL NAME | |
| Personal name | Mondal G C |
| 942 ## - ADDED ENTRY ELEMENTS (KOHA) | |
| Koha item type | Journals |
| Withdrawn status | Lost status | Damaged status | Not for loan | Home library | Current library | Date acquired | Serial Enumeration / chronology | Koha item type |
|---|---|---|---|---|---|---|---|---|
| Journals | RRII Library | RRII Library | 26/03/2014 | Volume 41, Issue 2 | Journals |